Statistics for Cities by Continent-Easy

Click here to take the quiz!

General Stats

  • This quiz has been taken 34 times
  • The average score is 11 of 12

Answer Stats

HintAnswer% Correct
TorontoNorth America
97%
Cape TownAfrica
94%
ShanghaiAsia
94%
LondonEurope
94%
BarcelonaEurope
94%
Los AngelesNorth America
94%
CairoAfrica
91%
OsakaAsia
91%
SydneyOceania
91%
MelbourneOceania
91%
Buenos AiresSouth America
88%
Sao PauloSouth America
88%

Score Distribution

Percentile by Number Answered

Percent of People with Each Score

Your Score History

You have not taken this quiz